Quiz o Polsce z mapą - Statystyki

Ogólne statystyki
  • Ten quiz został rozwiązany 4 511 razy
  • Średni wynik to 37 z 47
Odpowiedzi na mapie
Odpowiedzi zakodowano w zielono-czerwonej skali na mapie do tego quizu, zgodnie z poniższymi procentami.
 
Statystyki odpowiedzi
Opis Odpowiedź % Poprawnych
1 862 402 Warszawa
98%
Miasto leżące nad zatoką, stolica województwa pomorskiego, znajduje się tam najwiekszy port w Polsce Gdańsk
97%
807 644 Kraków
96%
536 818 Poznań
94%
Wisła
94%
673 531 Wrocław
94%
Białoruś
93%
Czechy
93%
648 711 Łódź
93%
Niemcy
93%
Odra
93%
Rosja
93%
Słowacja
93%
Ukraina
93%
Pierwsza stolica Polski Gniezno
92%
Litwa
92%
Morze Bałtyckie
91%
1410 r.: Jedna z największych bitew średniowiecza, zakończona zwycięstwem rycerstwa polskiego nad Zakonem Krzyżackim bitwa pod Grunwaldem
90%
Wadowice: Miejsce urodzenia jedynego polskiego papieża Jan Paweł II
90%
Toruń: "Wstrzymał Słońce, ruszył Ziemię – polskie go wydało plemię" Mikołaj Kopernik
90%
Warszawa: To tutaj na świat przyszła podwójna polska noblistka, odkrywczyni radu i polonu nazwanego na cześć swojej ojczyzny Maria Skłodowska-Curie
89%
Miejscowość nazywana zimową stolicą Polski Zakopane
89%
Miasto z klasztorem na Jasnej Górze Częstochowa
88%
Najmniejsze województwo w Polsce Opolskie
86%
Dawny zamek krzyżacki wpisany na listę UNESCO Zamek w Malborku
86%
Rysy
85%
Warta
85%
Największy nazistowski obóz koncentracyjny, miejsce śmierci ponad miliona niewinnych osób Auschwitz-Birkenau
82%
Województwo słynące z najstarszego pierwotnego lasu w Europie - Puszczy Białowieskiej Podlaskie
82%
Karpaty
80%
Śniardwy
80%
Sudety
76%
Śnieżka
74%
Pustynia Błędowska
72%
Świebodzin: Lokalizacja jednego z największych pomników przedstawiająca tę postać historyczną i religijną (nazwij postać) Jezus Chrystus
65%
Mamry
65%
Kraków: Jeden z najsłynniejszych obrazów Leonarda da Vinci znajdujący się w Muzeum Książąt Czartoryskich w tym mieście Dama z gronostajem
60%
Lokalizacja największego (wraz z Sopot Festivalem) festiwalu piosenki w Polsce Opole
60%
Kraków: Miejsce spoczynku najbardziej znanego polskiego poety, określanego także wieszczem, autora epopei narodowej (nazwij osobę) Adam Mickiewicz
57%
Polskie centrum epoki odrodzenia, nazywane Padwą Północy i perłą renesansu Zamość
57%
Mierzeja będąca jedną z największych atrakcji turystycznych, leżąca między Bałtykiem, a Zatoką Pucką Mierzeja Helska
53%
Góry Świętokrzyskie
50%
Największy Park Narodowy w naszym kraju Biebrzański PN
43%
Jeden z największych lasów w Polsce leżący na terenie zamieszkiwanym przez Kaszubów Bory Tucholskie
36%
Łysica
33%
Łebsko
31%
1939 r.: Bitwa nazywana polskimi Termopilami, dowódcą wojsk był Władysław Raginis bitwa pod Wizną
26%
Nie znaleziono quizów pasujących do podanych kryteriów
Rozkład punktacji
Procent ludzi z każdym wynikiem
Percentyl według liczby udzielonych odpowiedzi
Twoja historia wyników
Nie rozwiązałeś tego quizu